Egy kiállítás kalauza Szeged 1956 október-november /
Elmentve itt :
| Szerző: | |
|---|---|
| Dokumentumtípus: | Cikk |
| Megjelent: |
1993-10-22
|
| Sorozat: | Délmagyarország
83 No. 247 |
| Online Access: | http://dmarchiv.bibl.u-szeged.hu/97230 |
| LEADER | 00453nab a2200145 i 4500 | ||
|---|---|---|---|
| 001 | delm97230 | ||
| 005 | 20191004113404.0 | ||
| 008 | 191004s1993 hu o 0|| hun d | ||
| 040 | |a SZTE Délmagyarország Archívum |b hun | ||
| 041 | |a hun | ||
| 100 | 1 | |a Marosvári Attila | |
| 245 | 1 | 0 | |a Egy kiállítás kalauza |h [elektronikus dokumentum] : |b Szeged 1956 október-november / |c Marosvári Attila |
| 260 | |c 1993-10-22 | ||
| 300 | |a 7 | ||
| 490 | 0 | |a Délmagyarország |v 83 No. 247 | |